[Event "FRA-ch Students"]
[Site "Nancy"]
[Date "2020.02.09"]
[Round "8"]
[White "Defromont, Benjamin"]
[Black "Bedini, Lucas"]
[Result "1-0"]
[WhiteElo "2263"]
[BlackElo "1932"]
[PlyCount "139"]
[EventDate "2020.01.??"]
[EventType "swiss (rapid)"]
[EventRounds "9"]
[EventCountry "FRA"]
[SourceTitle "EXT 2021"]
[Source "ChessBase"]
[SourceDate "2020.10.23"]
[SourceVersion "1"]
[SourceVersionDate "2020.10.23"]
[SourceQuality "1"]

1. f4 d5 2. Nf3 Bg4 3. e3 c5 4. b3 Nc6 5. Bb2 e6 6. h3 Bxf3 7. Qxf3 Nf6 8. Bd3 Qb6 9. Nc3 Nb4 10. Bb5+ Kd8 11. 0-0-0 d4 12. Bc4 Kc8 13. Na4 Qd8 14. a3 Nbd5 15. exd4 cxd4 16. Bxd4 Bxa3+ 17. Kb1 Qa5 18. Nc3 Rd8 19. Rhe1 Rb8 20. Be5 Bd6 21. Bxd6 Rxd6 22. f5 b5 23. Bxd5 Ra6 24. Na4 exd5 25. Qc3+ Qxc3 26. Nxc3 Kd7 27. g4 Rc6 28. Re5 Rd6 29. d4 b4 30. Na4 Ne4 31. Nc5+ Kc6 32. Nxe4 dxe4 33. d5+ Kc5 34. Rxe4 Rb7 35. Rc4+ Kb5 36. Rdd4 a5 37. Rc8 Rbd7 38. Rf8 Kc5 39. Rc4+ Kxd5 40. Ra8 Rc6 41. Rxa5+ Kd6 42. Rd4+ Ke7 43. Re5+ Kd8 44. Rxd7+ Kxd7 45. Rb5 Rc3 46. h4 Rh3 47. h5 g6 48. fxg6 hxg6 49. hxg6 fxg6 50. Rxb4 Ke6 51. Rc4 Kf6 52. b4 Ke5 53. c3 Rf3 54. Kb2 g5 55. Kb3 Rf4 56. b5 Rf7 57. Kb4 Kd6 58. b6 Rf1 59. Kb5 Rb1+ 60. Ka6 Ra1+ 61. Kb7 Rb1 62. Ka7 Ra1+ 63. Kb8 Rb1 64. b7 Kd7 65. Rc5 Ra1 66. Rxg5 Ra3 67. Rc5 Ra6 68. g5 Kd6 69. Rf5 Kd7 70. Rf6 1-0

[Event "Paris Universities-ch"]
[Site "Paris"]
[Date "2019.02.02"]
[Round "2"]
[White "Sochacki, Wojtek"]
[Black "Bedini, Lucas"]
[Result "1-0"]
[WhiteElo "2348"]
[BlackElo "1920"]
[PlyCount "85"]
[EventDate "2019.02.01"]
[EventType "swiss"]
[EventRounds "9"]
[EventCountry "FRA"]
[SourceTitle "CBM 188 Extra"]
[Source "ChessBase"]
[SourceDate "2019.02.26"]
[SourceVersion "1"]
[SourceVersionDate "2019.02.26"]
[SourceQuality "1"]

1. d4 Nf6 2. c4 c5 3. Nf3 cxd4 4. Nxd4 d5 5. cxd5 Nxd5 6. e4 Nc7 7. Bc4 e5 8. Qh5 Bb4+ 9. Nc3 0-0 10. Nf3 Be6 11. Ng5 h6 12. Nxe6 Nxe6 13. Bxe6 Qd4 14. 0-0 fxe6 15. Be3 Qc4 16. Qxe5 Nc6 17. Qb5 Na5 18. Qe5 Nc6 19. Qb5 Na5 20. Qh5 Rad8 21. Rac1 Nc6 22. Qg4 Ne5 23. Qg3 Nd3 24. Rc2 Rf7 25. h4 Rfd7 26. Bxh6 Nxb2 27. Rxb2 Bxc3 28. Rbb1 b5 29. Bg5 Rc8 30. h5 Qxe4 31. h6 Rd3 32. Qh2 Qf5 33. Be3 a5 34. hxg7 Bxg7 35. Rbc1 Rdc3 36. Rxc3 Bxc3 37. Qg3+ Bg7 38. Rd1 e5 39. Bh6 Qf6 40. Bxg7 Qxg7 41. Qb3+ Kh8 42. Qh3+ Kg8 43. Qxc8+ 1-0

[Event "Balagna rapid op 14th"]
[Site "Balagna"]
[Date "2017.05.06"]
[Round "6"]
[White "Bedini, Lucas"]
[Black "Vaisser, Anatoli"]
[Result "1/2-1/2"]
[WhiteElo "1900"]
[BlackElo "2503"]
[PlyCount "75"]
[EventDate "2017.05.06"]
[EventType "swiss (rapid)"]
[EventRounds "9"]
[EventCountry "FRA"]
[SourceTitle "CBM 178 Extra"]
[Source "ChessBase"]
[SourceDate "2017.06.22"]
[SourceVersion "1"]
[SourceVersionDate "2017.06.22"]
[SourceQuality "1"]

1. e4 e6 2. d4 d5 3. exd5 exd5 4. Bd3 Nc6 5. Ne2 Nb4 6. 0-0 Nxd3 7. Qxd3 Bd6 8. Nbc3 c6 9. Bf4 Be7 10. Rae1 Nf6 11. Ng3 0-0 12. Re2 Be6 13. Rfe1 Qd7 14. Nd1 Rfe8 15. Ne3 g6 16. Be5 Ng4 17. Nxg4 Bxg4 18. f3 Be6 19. f4 Bg4 20. Re3 f6 21. h3 fxe5 22. hxg4 exf4 23. Re6 Bh4 24. Rxg6+ Kh8 25. Rxe8+ Rxe8 26. Nf1 hxg6 27. Qxg6 Rg8 28. Qh5+ Qh7 29. Qe5+ Rg7 30. Qe8+ Qg8 31. Qh5+ Rh7 32. Qe5+ Rg7 33. Qh5+ Qh7 34. Qe8+ Rg8 35. Qe5+ Bf6 36. Qxf6+ Rg7 37. Qd8+ Qg8 38. Qh4+ 1/2-1/2

[Event "Calvi Balagne rapid KO 12th"]
[Site "Calvi"]
[Date "2014.05.24"]
[Round "3.1"]
[White "Fressinet, Laurent"]
[Black "Bedini, Lucas"]
[Result "1-0"]
[WhiteElo "2712"]
[BlackElo "1907"]
[PlyCount "69"]
[EventDate "2015.05.24"]
[EventType "k.o. (rapid)"]
[EventRounds "14"]
[EventCountry "FRA"]
[SourceTitle "EXT 2016"]
[Source "ChessBase"]
[SourceDate "2015.10.08"]
[SourceVersion "1"]
[SourceVersionDate "2015.10.08"]
[SourceQuality "1"]

1. e4 e5 2. Nf3 Nc6 3. Bc4 Nf6 4. d3 Be7 5. 0-0 d6 6. a4 Bg4 7. c3 Qd7 8. a5 0-0 9. a6 bxa6 10. Rxa6 Rfb8 11. Nbd2 d5 12. exd5 Nxd5 13. h3 Be6 14. Re1 Bf6 15. Ne4 Rb6 16. Nc5 Qd6 17. Nxe6 Rxa6 18. Bxa6 Qxe6 19. Bc4 Na5 20. Ba2 Qd6 21. Nd2 Nf4 22. Ne4 Qa6 23. Bxf4 exf4 24. Qa4 Qb6 25. Nxf6+ gxf6 26. Qxf4 Qxb2 27. Bxf7+ Kxf7 28. Qxc7+ Kg6 29. Qxa5 Rc8 30. c4 Qc2 31. Re3 Rb8 32. Rg3+ Kh6 33. Qxa7 Qb1+ 34. Kh2 Rb7 35. Qe3+ 1-0

[Event "Calvi Balagne op 11th"]
[Site "Calvi"]
[Date "2014.05.03"]
[Round "6.3"]
[White "Malaniuk, Vladimir P"]
[Black "Bedini, Lucas"]
[Result "1-0"]
[WhiteElo "2550"]
[BlackElo "1741"]
[PlyCount "51"]
[EventDate "2014.05.03"]
[EventType "swiss (rapid)"]
[EventRounds "9"]
[EventCountry "FRA"]
[SourceTitle "CBM 160 Extra"]
[Source "ChessBase"]
[SourceDate "2014.07.01"]
[SourceVersion "1"]
[SourceVersionDate "2014.07.01"]
[SourceQuality "1"]

1. d4 Nf6 2. Nf3 c5 3. d5 b5 4. Bg5 g6 5. Bxf6 exf6 6. e4 a6 7. a4 Qe7 8. axb5 Qxe4+ 9. Be2 Qb4+ 10. Nbd2 Bb7 11. 0-0 Bxd5 12. Re1 Be7 13. c3 Qf4 14. Bf1 Be6 15. Ra4 Qc7 16. Nc4 0-0 17. Ne3 Qb7 18. Qa1 Bb3 19. Ra5 d5 20. Nd2 Bd8 21. Ra3 c4 22. Nxb3 cxb3 23. Rd1 Be7 24. Ra5 Bd8 25. bxa6 Qc6 26. Ra4 1-0

[Event "Calvi Balagne rapid KO 10th"]
[Site "Calvi"]
[Date "2013.04.14"]
[Round "1.1"]
[White "Bacrot, Etienne"]
[Black "Bedini, Lucas"]
[Result "1-0"]
[WhiteElo "2705"]
[BlackElo "1721"]
[PlyCount "75"]
[EventDate "2013.04.14"]
[EventType "k.o. (rapid)"]
[EventRounds "4"]
[EventCountry "FRA"]
[SourceTitle "CBM 153 Extra"]
[Source "ChessBase"]
[SourceDate "2013.04.22"]
[SourceVersion "1"]
[SourceVersionDate "2013.04.22"]
[SourceQuality "1"]

1. e4 c5 2. Nc3 Nc6 3. Nf3 d6 4. d4 cxd4 5. Nxd4 Nf6 6. Bc4 g6 7. Nxc6 bxc6 8. e5 d5 9. exf6 dxc4 10. Qxd8+ Kxd8 11. Bg5 h6 12. 0-0-0+ Ke8 13. fxe7 Bxe7 14. Bxe7 Kxe7 15. Rhe1+ Kf6 16. Rd6+ Be6 17. Rxc6 Kg7 18. Rc7 Rhe8 19. Re3 a5 20. g3 Kg8 21. Rc5 a4 22. a3 Red8 23. Re1 h5 24. h4 Ra7 25. Rd1 Rxd1+ 26. Nxd1 Kf8 27. Ne3 Ke7 28. Nxc4 Bg4 29. Ne3 Kd6 30. Rd5+ Ke6 31. Rd4 Bf3 32. Kd2 Bc6 33. Kc3 Re7 34. b3 axb3 35. cxb3 Kf6 36. Rd6+ Re6 37. Rxe6+ Kxe6 38. Kd4 1-0

[Event "FRA-ch U14"]
[Site "Nimes"]
[Date "2012.04.14"]
[Round "1"]
[White "Bedini, Lucas"]
[Black "Meunier, Clement1111"]
[Result "1/2-1/2"]
[WhiteElo "1617"]
[BlackElo "1975"]
[PlyCount "153"]
[EventDate "2012.04.14"]
[EventType "swiss"]
[EventRounds "9"]
[EventCountry "FRA"]
[SourceTitle "CBM 148 Extra"]
[Source "ChessBase"]
[SourceDate "2012.06.22"]
[SourceVersion "1"]
[SourceVersionDate "2012.06.22"]
[SourceQuality "1"]

1. e4 e5 2. Nf3 Nc6 3. Bb5 a6 4. Bxc6 dxc6 5. d3 Bd6 6. Nc3 Bg4 7. h3 Bh5 8. g4 Bg6 9. h4 h5 10. g5 f5 11. gxf6 Nxf6 12. Bg5 Rf8 13. Rg1 Qd7 14. Bxf6 Rxf6 15. Qe2 0-0-0 16. 0-0-0 Rdf8 17. Rg3 Qe7 18. Rdg1 Bf7 19. Ng5 Bc5 20. R1g2 Bg8 21. Nf3 Be6 22. Nxe5 Rxf2 23. Rxf2 Rxf2 24. Qd1 Bh3 25. Rxh3 Qxe5 26. Rf3 b5 27. a3 Qh2 28. Rxf2 Bxf2 29. Qxh5 Qxh4 30. Qxh4 Bxh4 31. Kd1 Bf6 32. Ke2 Kd7 33. Ke3 c5 34. Kf4 Ke6 35. Nd1 a5 36. c3 a4 37. Ne3 c6 38. Ng4 g5+ 39. Ke3 Bg7 40. d4 cxd4+ 41. cxd4 c5 42. e5 cxd4+ 43. Kxd4 Kf5 44. Ne3+ Kf4 45. Nd5+ Kf3 46. Ne7 g4 47. Nf5 Bf8 48. Kd5 Kf4 49. Nd4 Ke3 50. e6 Kd3 51. Nxb5 g3 52. Nd4 Kd2 53. Kc4 Ke1 54. Kd3 g2 55. Ne2 Kf2 56. Nf4 Kf3 57. Nxg2 Kxg2 58. Kc4 Kf3 59. Kb5 Ke4 60. Kxa4 Kd5 61. Kb5 Kxe6 62. a4 Kd5 63. a5 Bc5 64. b4 Bd4 65. Ka4 Kc6 66. b5+ Kb7 67. Kb4 Bf2 68. Kc4 Be1 69. a6+ Kb6 70. Kd5 Bf2 71. Kc4 Bg1 72. Kb4 Bh2 73. Kc4 Bb8 74. Kb4 Bh2 75. Kc4 Bb8 76. Kb4 Bh2 77. Kc4 1/2-1/2